000 00887na a2200241 4500
001 13654
003 MIRAKIL
005 20181213155245.0
008 160919b tu 000 0
035 _a13654
040 _aMilas
_btur
_cTR-AnCHP
082 _aATA 923.156
_bA72 1988
090 _aATA 923.156 A72 1988
245 _aAtatürkçülük
_cGenel Kurmay Başkanlığı
260 _aİstanbul
_bMilli Eğitim Basımevi
_c1988
300 _a3 c.
_c24 sm.
504 _aDizin var.
505 _aBirinci kitap: Atatürk'ün görüş ve direktifleri -- İkinci kitap: Atatürk'ün görüş ve direktifleri -- Üçüncü kitap: Atatürkçü düşünce sistemi
600 _aAtatürk, Mustafa Kemal
_d1881-1938
_xAtatürk devrimleri
600 _aAtatürk, Mustafa Kemal
_d1881-1938
_xDemokrasi
600 _aAtatürk, Mustafa Kemal
_d1881-1938
_xEkonomik yaşam
942 _2dcc
_cBKS
999 _c9400
_d9400